| 000 | 00983nam a2200301 a 4500 | ||
|---|---|---|---|
| 001 | |||
| 003 | DO-SdBNP | ||
| 005 | 20241010124924.0 | ||
| 007 | |||
| 008 | 090819s1999 ny a 000 0 spa d | ||
| 020 | _a9789702218364 | ||
| 040 |
_aBPMSU _bspa _cBPMSU |
||
| 082 | 4 |
_a813.5 _bM47e 1999 _222 |
|
| 100 | 1 | _aMcPhail, David. | |
| 245 | 1 | 3 |
_aEl día que el perro dijo, !Quiquiriquí! / _cDavid McPhail ; traducido por Susana Pasternac. _b |
| 260 |
_a New York : _bScholastic, _c1999 |
||
| 300 |
_aVarias paginaciones . : _bilustraciones ; _c27 cm. |
||
| 534 | _aTexto en español e inglés | ||
| 590 | _6Inventariado, 2024/VM | ||
| 650 | 4 | _aCuentos infantiles estadounidenses. | |
| 650 | 4 |
_aLiteratura infantil estadounidenses _v |
|
| 650 | 4 | _aLibros ilustrados para niños | |
| 700 | 1 |
_a Pasternac, Susana _etraducción _4 |
|
| 700 | 1 |
_aStellino, Beatriz _etraductor |
|
| 710 | 2 | _aWalt Disney | |
| 910 | _aVMateo V. Control de calidad. BPMSU | ||
| 942 |
_2ddc _cBK |
||
| 999 |
_c14828 _d14828 |
||